[Event "EYCC 2024 - O14"]
[Site "?"]
[Date "2024.08.28"]
[Round "6.1"]
[White "Guretchii, Kirill"]
[Black "Kutanjac, Aleksandar"]
[Result "1-0"]
[BlackElo "2146"]
[WhiteElo "2034"]
[LiveChessVersion "1.4.8"]

1. d4 {[%clk 1:30:58]} d5 {[%clk 1:30:56]} 2. c4 {[%clk 1:31:22]} c6
{[%clk 1:31:19]} 3. Nc3 {[%clk 1:31:46]} Nf6 {[%clk 1:31:44]} 4. e3
{[%clk 1:32:11]} e6 {[%clk 1:32:06]} 5. Nf3 {[%clk 1:32:36]} Nbd7
{[%clk 1:32:27]} 6. Be2 {[%clk 1:33:00]} Bd6 {[%clk 1:31:56]} 7. O-O
{[%clk 1:32:33]} O-O {[%clk 1:32:18]} 8. b3 {[%clk 1:32:54]} b6 {[%clk 1:28:09]}
9. Bb2 {[%clk 1:32:55]} Bb7 {[%clk 1:28:24]} 10. Bd3 {[%clk 1:33:18]} e5
{[%clk 1:24:43]} 11. cxd5 {[%clk 1:33:16]} cxd5 {[%clk 1:24:48]} 12. Nb5
{[%clk 1:33:31]} Bb8 {[%clk 1:20:15]} 13. Nxe5 {[%clk 1:27:21]} a6
{[%clk 1:19:33]} 14. Nxd7 {[%clk 1:24:17]} Qxd7 {[%clk 1:19:54]} 15. Nc3
{[%clk 1:24:10]} Ng4 {[%clk 1:11:37]} 16. g3 {[%clk 1:21:30]} f5 {[%clk 1:02:57]}
17. Qf3 {[%clk 1:16:39]} g6 {[%clk 0:56:11]} 18. Rfc1 {[%clk 1:11:08]} b5
{[%clk 0:53:18]} 19. Ba3 {[%clk 1:08:38]} Bd6 {[%clk 0:52:31]} 20. Bxd6
{[%clk 1:05:55]} Qxd6 {[%clk 0:52:55]} 21. Rc2 {[%clk 1:02:30]} Rac8
{[%clk 0:52:08]} 22. Rac1 {[%clk 1:01:50]} Nf6 {[%clk 0:51:21]} 23. Ne2
{[%clk 1:00:28]} Qb4 {[%clk 0:43:36]} 24. Kg2 {[%clk 0:53:54]} Qd6
{[%clk 0:30:39]} 25. Qf4 {[%clk 0:48:07]} Qxf4 {[%clk 0:30:20]} 26. Nxf4
{[%clk 0:48:27]} Rxc2 {[%clk 0:30:20]} 27. Rxc2 {[%clk 0:48:50]} Rc8
{[%clk 0:30:32]} 28. Ne6 {[%clk 0:42:05]} Rxc2 {[%clk 0:23:06]} 29. Bxc2
{[%clk 0:41:17]} Ne8 {[%clk 0:22:52]} 30. Bd3 {[%clk 0:40:04]} Nd6
{[%clk 0:22:52]} 31. Nc5 {[%clk 0:34:56]} Bc8 {[%clk 0:20:08]} 32. Kf3
{[%clk 0:34:39]} Kf7 {[%clk 0:20:23]} 33. a4 {[%clk 0:34:40]} Ke7
{[%clk 0:20:05]} 34. Ke2 {[%clk 0:33:36]} Bd7 {[%clk 0:18:14]} 35. axb5
{[%clk 0:28:57]} axb5 {[%clk 0:18:26]} 36. Kd2 {[%clk 0:29:18]} Be8
{[%clk 0:10:11]} 37. Kc3 {[%clk 0:29:26]} Kd8 {[%clk 0:10:15]} 38. Kb4
{[%clk 0:29:46]} Kc7 {[%clk 0:10:38]} 39. Ka5 {[%clk 0:29:35]} h6
{[%clk 0:09:37]} 40. Ne6+ {[%clk 0:29:26]} Kc6 {[%clk 0:09:51]} 41. Nf4
{[%clk 0:29:40]} g5 {[%clk 0:06:29]} 42. Ne2 {[%clk 0:29:32]} Kb7
{[%clk 0:05:11]} 43. Nc3 {[%clk 0:29:39]} Bc6 {[%clk 0:05:35]} 44. f3
{[%clk 0:26:20]} g4 {[%clk 0:04:48]} 45. Be2 {[%clk 0:25:52]} h5 {[%clk 0:04:27]}
46. fxg4 {[%clk 0:26:15]} hxg4 {[%clk 0:04:24]} 47. Bd3 {[%clk 0:26:10]} Kc7
{[%clk 0:01:19]} 48. Bxb5 {[%clk 0:26:03]} Nb7+ 49. Ka6 {[%clk 0:25:27]} Nd8
{[%clk 0:01:20]} 50. Bxc6 {[%clk 0:25:42]} Nxc6 {[%clk 0:01:21]} 51. Kb5
{[%clk 0:24:43]} Kd6 {[%clk 0:01:38]} 52. b4 1-0

[Event "EYCC 2024 - O14"]
[Site "?"]
[Date "2024.08.28"]
[Round "6.2"]
[White "Ral Lustig, Melvin"]
[Black "Beliman, Alexandro"]
[Result "1/2-1/2"]
[BlackElo "2144"]
[WhiteElo "2019"]
[LiveChessVersion "1.4.8"]

1. d4 {[%clk 1:30:57]} Nf6 {[%clk 1:30:59]} 2. c4 {[%clk 1:31:15]} e6
{[%clk 1:31:28]} 3. Nc3 {[%clk 1:31:39]} d5 {[%clk 1:31:48]} 4. cxd5
{[%clk 1:32:04]} Nxd5 {[%clk 1:32:17]} 5. e4 {[%clk 1:32:25]} Nxc3
{[%clk 1:32:42]} 6. bxc3 {[%clk 1:32:52]} c5 {[%clk 1:33:07]} 7. Rb1
{[%clk 1:32:57]} Be7 {[%clk 1:32:32]} 8. Nf3 {[%clk 1:33:20]} O-O
{[%clk 1:31:29]} 9. Bc4 {[%clk 1:33:46]} Qc7 {[%clk 1:31:19]} 10. Qe2
{[%clk 1:29:27]} Nd7 {[%clk 1:27:20]} 11. O-O {[%clk 1:29:31]} a6
{[%clk 1:27:38]} 12. a4 {[%clk 1:14:00]} b6 {[%clk 1:20:47]} 13. Re1
{[%clk 1:08:43]} Bb7 {[%clk 1:18:24]} 14. Bd3 {[%clk 0:53:25]} Rfd8
{[%clk 1:09:20]} 15. d5 {[%clk 0:28:12]} exd5 {[%clk 0:53:08]} 16. exd5
{[%clk 0:28:11]} Bd6 {[%clk 0:52:38]} 17. c4 {[%clk 0:20:00]} Bc8
{[%clk 0:29:49]} 18. Qc2 {[%clk 0:14:48]} Nf8 {[%clk 0:28:33]} 19. h3
{[%clk 0:14:54]} Bd7 {[%clk 0:22:17]} 20. Bb2 {[%clk 0:11:51]} Re8
{[%clk 0:15:19]} 21. Ng5 {[%clk 0:11:36]} Ng6 22. h4 {[%clk 0:05:02]} Bf4
{[%clk 0:09:55]} 23. Nxh7 {[%clk 0:03:35]} Kxh7 {[%clk 0:05:54]} 24. h5
{[%clk 0:04:04]} Qd6 {[%clk 0:06:04]} 25. Qc3 {[%clk 0:01:44]} Bh6
{[%clk 0:02:55]} 26. hxg6+ {[%clk 0:01:18]} fxg6 {[%clk 0:02:55]} 27. Rxe8
{[%clk 0:00:55]} Rxe8 {[%clk 0:03:52]} 28. Re1 {[%clk 0:01:00]} Bxa4
{[%clk 0:01:14]} 29. Rxe8 {[%clk 0:00:57]} Bxe8 {[%clk 0:01:43]} 30. Qe5
{[%clk 0:00:37]} Qxe5 {[%clk 0:00:46]} 31. Bxe5 {[%clk 0:00:39]} Bd2
{[%clk 0:00:38]} 32. Bc7 1/2-1/2

[Event "EYCC 2024 - O14"]
[Site "?"]
[Date "2024.08.28"]
[Round "6.3"]
[White "Dumbelovic, Novak"]
[Black "Gorkov, Kirill"]
[Result "1-0"]
[BlackElo "1995"]
[WhiteElo "2144"]
[LiveChessVersion "1.4.8"]

1. e4 {[%clk 1:30:54]} c5 {[%clk 1:30:45]} 2. Nf3 {[%clk 1:31:09]} d6
{[%clk 1:31:06]} 3. d4 {[%clk 1:31:32]} cxd4 {[%clk 1:31:29]} 4. Nxd4
{[%clk 1:31:57]} Nf6 {[%clk 1:31:26]} 5. Nc3 {[%clk 1:32:19]} g6 {[%clk 1:31:40]}
6. Be3 {[%clk 1:32:44]} Bg7 {[%clk 1:32:01]} 7. f3 {[%clk 1:33:10]} O-O
{[%clk 1:32:19]} 8. Qd2 {[%clk 1:33:37]} Nc6 {[%clk 1:32:40]} 9. O-O-O
{[%clk 1:33:58]} d5 {[%clk 1:33:05]} 10. Qe1 {[%clk 1:31:21]} e5 {[%clk 1:32:36]}
11. Nxc6 {[%clk 1:29:07]} bxc6 {[%clk 1:32:59]} 12. exd5 {[%clk 1:29:34]} Nxd5
{[%clk 1:33:21]} 13. h4 {[%clk 1:29:38]} Qc7 {[%clk 1:00:08]} 14. h5
{[%clk 1:27:34]} Nxe3 {[%clk 0:48:50]} 15. Qxe3 {[%clk 1:27:28]} Be6
{[%clk 0:45:41]} 16. h6 {[%clk 1:27:08]} Bh8 {[%clk 0:45:39]} 17. Qc5
{[%clk 1:25:55]} Bf6 {[%clk 0:35:57]} 18. Ne4 {[%clk 1:21:04]} Be7
{[%clk 0:34:56]} 19. Qc3 {[%clk 1:21:30]} f5 {[%clk 0:30:46]} 20. Bc4
{[%clk 1:19:21]} Bf7 {[%clk 0:21:36]} 21. Bxf7+ {[%clk 1:16:08]} Rxf7
{[%clk 0:21:56]} 22. Nc5 {[%clk 1:15:01]} Bf6 {[%clk 0:10:59]} 23. Qc4
{[%clk 1:14:28]} Kh8 {[%clk 0:10:28]} 24. Kb1 {[%clk 1:11:17]} Re8
{[%clk 0:09:40]} 25. Rhe1 {[%clk 1:09:18]} Rfe7 {[%clk 0:08:09]} 26. c3
{[%clk 1:05:57]} Bg5 {[%clk 0:06:44]} 27. g4 {[%clk 0:55:20]} Bxh6
{[%clk 0:05:21]} 28. gxf5 {[%clk 0:55:10]} gxf5 {[%clk 0:05:31]} 29. Qh4
{[%clk 0:55:25]} Bg7 {[%clk 0:05:04]} 30. Qh5 {[%clk 0:53:36]} Rf8
{[%clk 0:04:57]} 31. Rh1 {[%clk 0:53:05]} h6 {[%clk 0:05:07]} 32. Qg6
{[%clk 0:49:08]} Qc8 {[%clk 0:04:26]} 33. Rdg1 {[%clk 0:44:29]} Qe8
{[%clk 0:04:14]} 34. Ne6 {[%clk 0:38:15]} Qxg6 {[%clk 0:03:06]} 35. Rxg6
{[%clk 0:38:29]} Rff7 {[%clk 0:02:13]} 36. Nxg7 {[%clk 0:36:56]} Rxg7
{[%clk 0:02:36]} 37. Rhxh6+ {[%clk 0:36:54]} Kg8 {[%clk 0:02:57]} 38. Rxg7+
{[%clk 0:37:04]} Kxg7 {[%clk 0:02:57]} 39. Rxc6 {[%clk 0:37:25]} f4
{[%clk 0:01:55]} 40. Kc2 {[%clk 0:37:09]} e4 {[%clk 0:02:13]} 41. fxe4
{[%clk 0:37:34]} f3 {[%clk 0:02:04]} 42. Rd6 {[%clk 0:35:29]} Rxe4
{[%clk 0:02:03]} 43. Rd2 {[%clk 0:35:32]} Kf6 {[%clk 0:01:34]} 44. Rf2
{[%clk 0:35:46]} Rf4 {[%clk 0:01:59]} 45. Kd3 {[%clk 0:36:10]} Kf5
{[%clk 0:02:22]} 46. Ke3 {[%clk 0:36:13]} Kg4 {[%clk 0:02:43]} 47. Rf1
{[%clk 0:36:40]} Rf7 {[%clk 0:01:19]} 48. Rg1+ {[%clk 0:36:32]} Kh3
{[%clk 0:00:38]} 49. Kf2 {[%clk 0:36:58]} Rb7 {[%clk 0:00:39]} 50. Kxf3
{[%clk 0:37:17]} Kh2 {[%clk 0:00:50]} 51. Rg2+ {[%clk 0:37:44]} Kh3
{[%clk 0:01:00]} 52. Rg6 {[%clk 0:37:47]} Kh4 {[%clk 0:01:20]} 53. b3
{[%clk 0:38:12]} Kh5 {[%clk 0:01:42]} 54. Rg1 {[%clk 0:38:15]} a5
{[%clk 0:01:51]} 55. Ke4 {[%clk 0:38:32]} a4 {[%clk 0:01:53]} 56. b4
{[%clk 0:38:57]} Rd7 {[%clk 0:01:51]} 57. Rg2 {[%clk 0:39:21]} a3
{[%clk 0:02:15]} 58. c4 {[%clk 0:39:41]} Rd1 {[%clk 0:02:33]} 59. Rg3
{[%clk 0:40:06]} Rc1 {[%clk 0:02:09]} 60. Kd5 {[%clk 0:40:31]} 1-0

[Event "EYCC 2024 - O14"]
[Site "?"]
[Date "2024.08.28"]
[Round "6.4"]
[White "Merkouropoulos, Dionysios"]
[Black "Myagmarsuren, Evsuld"]
[Result "0-1"]
[BlackElo "2142"]
[WhiteElo "1963"]
[LiveChessVersion "1.4.8"]

1. d4 {[%clk 1:30:53]} d5 {[%clk 1:30:57]} 2. c4 {[%clk 1:31:12]} e6
{[%clk 1:31:25]} 3. Nc3 {[%clk 1:31:32]} c6 {[%clk 1:31:53]} 4. e4
{[%clk 1:31:45]} dxe4 {[%clk 1:32:19]} 5. Nxe4 {[%clk 1:32:08]} Bb4+
{[%clk 1:32:44]} 6. Nc3 {[%clk 1:32:28]} e5 {[%clk 1:33:08]} 7. dxe5
{[%clk 1:31:57]} Qxd1+ {[%clk 1:33:34]} 8. Kxd1 {[%clk 1:32:21]} Bf5
{[%clk 1:34:01]} 9. Nf3 {[%clk 1:32:33]} Nd7 {[%clk 1:34:10]} 10. Nh4
{[%clk 1:32:25]} Be6 {[%clk 1:34:25]} 11. f4 {[%clk 1:32:39]} O-O-O
{[%clk 1:34:28]} 12. Kc2 {[%clk 1:32:46]} Nh6 {[%clk 1:31:58]} 13. b3
{[%clk 1:29:50]} Be7 {[%clk 1:17:04]} 14. Nf3 {[%clk 1:29:33]} Nc5
{[%clk 1:17:14]} 15. Be2 {[%clk 1:26:43]} Rd7 {[%clk 1:07:01]} 16. Rd1
{[%clk 1:17:53]} Rhd8 {[%clk 1:06:31]} 17. Rxd7 {[%clk 1:16:05]} Rxd7
{[%clk 1:06:58]} 18. Be3 {[%clk 1:07:19]} Na6 {[%clk 0:36:51]} 19. Rd1
{[%clk 0:57:54]} Bc5 {[%clk 0:36:39]} 20. Bxc5 {[%clk 0:55:13]} Nxc5
{[%clk 0:36:40]} 21. Rxd7 {[%clk 0:55:21]} Bxd7 {[%clk 0:35:50]} 22. Nd4
{[%clk 0:54:04]} a5 {[%clk 0:31:10]} 23. h3 {[%clk 0:50:07]} Kd8 {[%clk 0:29:50]}
24. g4 {[%clk 0:49:38]} g6 {[%clk 0:30:13]} 25. Bf3 {[%clk 0:48:31]} Ng8
{[%clk 0:28:45]} 26. Ne4 {[%clk 0:47:05]} Nxe4 {[%clk 0:26:54]} 27. Bxe4
{[%clk 0:47:34]} Ne7 {[%clk 0:23:29]} 28. Ne2 {[%clk 0:39:45]} Nc8
{[%clk 0:06:34]} 29. Kd3 {[%clk 0:38:57]} Ke7 {[%clk 0:06:14]} 30. Ke3
{[%clk 0:38:24]} a4 {[%clk 0:03:03]} 31. f5 {[%clk 0:37:37]} Nb6 {[%clk 0:02:49]}
32. Kf4 {[%clk 0:36:51]} Bc8 {[%clk 0:01:59]} 33. Nc3 {[%clk 0:34:11]} axb3
{[%clk 0:02:19]} 34. axb3 {[%clk 0:34:40]} Nd7 {[%clk 0:02:12]} 35. b4
{[%clk 0:34:15]} Nb6 {[%clk 0:01:23]} 36. Bd3 {[%clk 0:34:37]} Bd7
{[%clk 0:00:37]} 37. Ne4 {[%clk 0:30:20]} Na4 {[%clk 0:00:31]} 38. Nf6
{[%clk 0:30:26]} Nb2 {[%clk 0:00:51]} 39. Be2 {[%clk 0:30:49]} h6
{[%clk 0:01:08]} 40. Ng8+ {[%clk 0:30:11]} Kf8 {[%clk 0:01:07]} 41. Nxh6
{[%clk 0:30:08]} Kg7 {[%clk 0:01:22]} 42. Kg5 {[%clk 0:30:31]} Be8
{[%clk 0:00:34]} 43. h4 {[%clk 0:29:46]} b5 {[%clk 0:00:32]} 44. cxb5
{[%clk 0:28:55]} cxb5 {[%clk 0:00:56]} 45. h5 {[%clk 0:28:53]} Nc4
{[%clk 0:00:33]} 46. Bxc4 {[%clk 0:25:39]} bxc4 {[%clk 0:00:54]} 47. hxg6
{[%clk 0:26:05]} fxg6 {[%clk 0:01:08]} 48. f6+ {[%clk 0:26:30]} Kh7
{[%clk 0:00:39]} 49. Kf4 {[%clk 0:25:33]} g5+ {[%clk 0:00:34]} 50. Ke3
{[%clk 0:25:41]} Kxh6 {[%clk 0:00:55]} 51. e6 {[%clk 0:26:08]} Bb5
{[%clk 0:00:46]} 52. Kd4 {[%clk 0:26:00]} Kg6 {[%clk 0:00:55]} 53. f7
{[%clk 0:25:44]} Kg7 {[%clk 0:01:22]} 54. Kc3 {[%clk 0:25:14]} Kf8
{[%clk 0:01:45]} 55. Kd4 {[%clk 0:25:37]} Ke7 {[%clk 0:01:58]} 56. Kc3
{[%clk 0:26:06]} Ba6 {[%clk 0:02:10]} 57. Kd4 {[%clk 0:25:42]} Bc8
{[%clk 0:01:47]} 58. b5 {[%clk 0:26:04]} Bxe6 {[%clk 0:02:06]} 59. b6
{[%clk 0:26:32]} Bc8 {[%clk 0:02:30]} 60. Kxc4 {[%clk 0:26:43]} Kxf7
{[%clk 0:02:53]} 61. Kd5 {[%clk 0:26:50]} Kf6 {[%clk 0:02:59]} 62. Kd6
{[%clk 0:27:19]} Bb7 {[%clk 0:02:59]} 63. Kc7 {[%clk 0:27:42]} Bf3
{[%clk 0:02:44]} 64. Kd6 {[%clk 0:27:47]} Bg2 {[%clk 0:02:54]} 0-1

[Event "EYCC 2024 - O14"]
[Site "?"]
[Date "2024.08.28"]
[Round "6.5"]
[White "Stefanovic, Bosko"]
[Black "Sergooris, Danail Jurgen"]
[Result "1-0"]
[BlackElo "1975"]
[WhiteElo "2112"]
[LiveChessVersion "1.4.8"]

1. Nf3 {[%clk 1:30:57]} d5 {[%clk 1:30:44]} 2. c4 {[%clk 1:31:17]} e6
{[%clk 1:30:24]} 3. g3 {[%clk 1:31:37]} dxc4 {[%clk 1:29:32]} 4. Bg2
{[%clk 1:31:20]} a6 {[%clk 1:28:55]} 5. a4 {[%clk 1:31:22]} Nf6 {[%clk 1:27:17]}
6. O-O {[%clk 1:31:18]} Be7 {[%clk 1:25:14]} 7. Qc2 {[%clk 1:31:18]} O-O
{[%clk 1:23:45]} 8. Qxc4 {[%clk 1:31:10]} Nbd7 {[%clk 1:19:56]} 9. d3
{[%clk 1:26:36]} b5 {[%clk 1:15:29]} 10. Qc2 {[%clk 1:26:29]} Bb7
{[%clk 1:15:30]} 11. Nc3 b4 {[%clk 1:14:28]} 12. Nb1 {[%clk 1:26:38]} c5
{[%clk 1:09:37]} 13. a5 {[%clk 1:26:35]} Rc8 {[%clk 1:07:39]} 14. Nbd2
{[%clk 1:25:55]} Nd5 {[%clk 0:57:24]} 15. Nc4 {[%clk 1:25:26]} Nc7
{[%clk 0:55:32]} 16. Be3 {[%clk 1:12:19]} Nb5 {[%clk 0:51:52]} 17. Rfc1
{[%clk 1:11:09]} Bf6 {[%clk 0:46:26]} 18. Nfd2 {[%clk 1:08:07]} Bxg2
{[%clk 0:45:09]} 19. Kxg2 {[%clk 1:07:56]} Bd4 {[%clk 0:42:52]} 20. Bxd4
{[%clk 1:00:27]} Nxd4 {[%clk 0:41:02]} 21. Qd1 {[%clk 1:00:39]} f5
{[%clk 0:36:37]} 22. Nb3 {[%clk 0:57:18]} Qf6 {[%clk 0:30:22]} 23. f4
{[%clk 0:52:21]} Kh8 {[%clk 0:26:58]} 24. Nb6 {[%clk 0:24:41]} Nxb6
{[%clk 0:20:26]} 25. axb6 {[%clk 0:25:07]} Nxb3 {[%clk 0:20:51]} 26. Qxb3
{[%clk 0:25:27]} e5 {[%clk 0:20:28]} 27. Rxa6 {[%clk 0:21:43]} exf4
{[%clk 0:19:51]} 28. Qc4 {[%clk 0:16:07]} Qe5 {[%clk 0:12:26]} 29. Rc2
{[%clk 0:14:39]} fxg3 {[%clk 0:10:04]} 30. hxg3 {[%clk 0:14:55]} f4
{[%clk 0:09:51]} 31. Qe4 {[%clk 0:11:58]} Qg5 {[%clk 0:05:03]} 32. Qf3
{[%clk 0:10:53]} fxg3 {[%clk 0:03:24]} 33. b7 {[%clk 0:11:01]} Rb8
{[%clk 0:02:49]} 34. Ra8 {[%clk 0:10:00]} Qd8 {[%clk 0:02:50]} 35. Rxb8
{[%clk 0:04:14]} Qxb8 {[%clk 0:03:11]} 36. Qe4 {[%clk 0:04:13]} Rf2+
{[%clk 0:01:09]} 37. Kg1 {[%clk 0:04:20]} Rf4 {[%clk 0:00:36]} 38. Qc6
{[%clk 0:03:21]} Rf8 {[%clk 0:00:35]} 39. Qxc5 {[%clk 0:02:49]} Re8
{[%clk 0:00:33]} 40. Qc8 {[%clk 0:01:33]} Qa7+ {[%clk 0:00:55]} 41. Rc5
{[%clk 0:01:57]} Qa4 {[%clk 0:00:32]} 42. Qxe8+ {[%clk 0:02:15]} 1-0

[Event "EYCC 2024 - O14"]
[Site "?"]
[Date "2024.08.28"]
[Round "6.7"]
[White "Moldovan, Lucas Gabriel"]
[Black "Khoury, Theo"]
[Result "0-1"]
[BlackElo "2085"]
[WhiteElo "1919"]
[LiveChessVersion "1.4.8"]

1. e4 {[%clk 1:30:26]} c5 {[%clk 1:30:56]} 2. Nc3 {[%clk 1:30:46]} d6
{[%clk 1:30:41]} 3. d4 {[%clk 1:30:58]} cxd4 {[%clk 1:31:06]} 4. Qxd4
{[%clk 1:31:24]} Nc6 {[%clk 1:31:29]} 5. Qd2 {[%clk 1:31:41]} e6 {[%clk 1:30:06]}
6. b3 {[%clk 1:30:56]} Nf6 {[%clk 1:30:31]} 7. Bb2 {[%clk 1:26:51]} d5
{[%clk 1:30:55]} 8. exd5 {[%clk 1:25:56]} exd5 {[%clk 1:31:20]} 9. O-O-O
{[%clk 1:24:36]} Be6 {[%clk 1:31:46]} 10. Bd3 {[%clk 1:17:35]} Qa5
{[%clk 1:31:59]} 11. Na4 {[%clk 1:09:42]} Qxd2+ {[%clk 1:25:14]} 12. Rxd2
{[%clk 1:04:33]} Be7 {[%clk 1:25:10]} 13. f4 {[%clk 0:54:15]} Rd8
{[%clk 1:17:51]} 14. Nf3 {[%clk 0:51:19]} O-O {[%clk 1:17:44]} 15. Re1
{[%clk 0:46:03]} Rfe8 {[%clk 1:14:30]} 16. Rde2 {[%clk 0:43:17]} Bb4
{[%clk 1:10:10]} 17. Bxf6 {[%clk 0:29:20]} gxf6 {[%clk 1:10:23]} 18. c3
{[%clk 0:29:45]} Bd6 {[%clk 1:08:42]} 19. g3 {[%clk 0:24:09]} Re7
{[%clk 1:01:17]} 20. Nh4 {[%clk 0:19:42]} Rc7 {[%clk 0:59:59]} 21. Kb1
{[%clk 0:17:09]} d4 {[%clk 0:56:20]} 22. c4 {[%clk 0:16:19]} Bb4 {[%clk 0:52:23]}
23. Rf1 {[%clk 0:15:58]} Bh3 {[%clk 0:50:17]} 24. Rh1 {[%clk 0:15:51]} Bg4
{[%clk 0:50:37]} 25. Rf2 {[%clk 0:16:19]} Re7 {[%clk 0:46:15]} 26. h3
{[%clk 0:13:11]} Bd7 {[%clk 0:46:00]} 27. Nb2 {[%clk 0:09:29]} Rde8
{[%clk 0:42:01]} 28. Nf5 {[%clk 0:07:13]} Re1+ {[%clk 0:38:58]} 29. Rxe1
{[%clk 0:07:42]} Rxe1+ {[%clk 0:39:21]} 30. Kc2 {[%clk 0:08:04]} Ba3
{[%clk 0:31:51]} 31. Nh6+ {[%clk 0:06:37]} Kg7 {[%clk 0:32:06]} 32. Nf5+
{[%clk 0:07:05]} Kf8 {[%clk 0:31:15]} 33. g4 {[%clk 0:05:49]} Nb4+
{[%clk 0:31:22]} 34. Kd2 {[%clk 0:06:05]} Bxb2 {[%clk 0:31:47]} 0-1

[Event "EYCC 2024 - O14"]
[Site "?"]
[Date "2024.08.28"]
[Round "6.8"]
[White "Gubin, Dmitrii"]
[Black "Kulich, Filip"]
[Result "1-0"]
[BlackElo "1965"]
[WhiteElo "2084"]
[LiveChessVersion "1.4.8"]

1. Nf3 {[%clk 1:30:55]} Nf6 {[%clk 1:29:57]} 2. b3 {[%clk 1:31:15]} d5
{[%clk 1:29:28]} 3. Bb2 {[%clk 1:31:37]} Bf5 {[%clk 1:28:58]} 4. g3
{[%clk 1:31:59]} e6 {[%clk 1:28:26]} 5. Bg2 {[%clk 1:32:22]} Nbd7
{[%clk 1:26:58]} 6. O-O {[%clk 1:31:41]} Be7 {[%clk 1:25:11]} 7. d3
{[%clk 1:32:02]} O-O {[%clk 1:25:11]} 8. Nbd2 {[%clk 1:32:07]} c5
{[%clk 1:22:33]} 9. Nh4 {[%clk 1:31:45]} Bg6 {[%clk 1:20:57]} 10. Nxg6
{[%clk 1:31:35]} hxg6 {[%clk 1:21:00]} 11. c4 {[%clk 1:23:34]} Qc7
{[%clk 1:16:22]} 12. cxd5 {[%clk 1:22:35]} exd5 {[%clk 1:16:13]} 13. Rc1
{[%clk 1:16:42]} Rac8 {[%clk 1:10:34]} 14. Qc2 {[%clk 0:56:02]} b5
{[%clk 1:04:06]} 15. e4 {[%clk 0:55:46]} dxe4 {[%clk 1:03:30]} 16. dxe4
{[%clk 0:56:09]} g5 {[%clk 1:01:04]} 17. Rfd1 {[%clk 0:54:28]} Rfd8
{[%clk 1:00:20]} 18. Nf1 {[%clk 0:52:27]} Ne5 {[%clk 0:52:06]} 19. Qc3
{[%clk 0:32:07]} Nc6 {[%clk 0:40:57]} 20. e5 {[%clk 0:20:41]} b4 {[%clk 0:34:17]}
21. Qe1 {[%clk 0:18:54]} Ng4 {[%clk 0:27:46]} 22. e6 {[%clk 0:13:17]} f5
{[%clk 0:25:18]} 23. Qe2 {[%clk 0:04:24]} Rxd1 {[%clk 0:18:35]} 24. Rxd1
{[%clk 0:04:48]} Rd8 {[%clk 0:16:49]} 25. Rd7 {[%clk 0:03:23]} Rxd7
{[%clk 0:12:44]} 26. exd7 {[%clk 0:03:51]} Nge5 {[%clk 0:10:04]} 27. Bxc6
{[%clk 0:03:59]} Nxc6 {[%clk 0:10:19]} 28. Qe6+ {[%clk 0:04:23]} Kf8
{[%clk 0:09:06]} 29. Qxf5+ {[%clk 0:04:40]} Kg8 {[%clk 0:09:24]} 30. Qg6
{[%clk 0:04:15]} Bf8 {[%clk 0:08:44]} 31. Qe6+ {[%clk 0:04:20]} Kh7
{[%clk 0:09:00]} 32. Qxc6 {[%clk 0:04:13]} Qxc6 {[%clk 0:09:13]} 33. d8=Q
{[%clk 0:04:34]} 1-0

[Event "EYCC 2024 - O14"]
[Site "?"]
[Date "2024.08.28"]
[Round "6.9"]
[White "Roubal, Matyas"]
[Black "Senel, Hayri Beyhun"]
[Result "1/2-1/2"]
[BlackElo "2084"]
[WhiteElo "1916"]
[LiveChessVersion "1.4.8"]

1. e4 {[%clk 1:30:57]} e6 {[%clk 1:30:47]} 2. d4 {[%clk 1:31:20]} d5
{[%clk 1:31:14]} 3. Nc3 {[%clk 1:30:34]} Nc6 {[%clk 1:31:14]} 4. Nf3
{[%clk 1:22:19]} Nf6 {[%clk 1:31:42]} 5. exd5 {[%clk 1:19:40]} exd5
{[%clk 1:31:41]} 6. Ne5 {[%clk 1:13:49]} Bd6 {[%clk 1:07:52]} 7. Bb5
{[%clk 1:12:13]} Bd7 {[%clk 1:06:25]} 8. Nxd7 {[%clk 1:11:48]} Qxd7
{[%clk 1:06:29]} 9. Qe2+ {[%clk 1:09:35]} Qe7 {[%clk 1:04:08]} 10. Qxe7+
{[%clk 1:07:33]} Kxe7 {[%clk 1:00:09]} 11. Bxc6 {[%clk 1:06:48]} bxc6
{[%clk 0:58:24]} 12. O-O {[%clk 1:05:36]} Rab8 {[%clk 0:48:33]} 13. b3
{[%clk 1:02:07]} Kd7 {[%clk 0:40:00]} 14. Re1 {[%clk 1:00:53]} Rhe8
{[%clk 0:32:38]} 15. Bd2 {[%clk 0:59:46]} a6 {[%clk 0:26:19]} 16. f3
{[%clk 0:59:21]} c5 {[%clk 0:26:08]} 17. dxc5 {[%clk 0:59:06]} Bxc5+
{[%clk 0:26:35]} 18. Kf1 {[%clk 0:59:29]} c6 {[%clk 0:24:37]} 19. Rxe8
{[%clk 0:59:18]} Rxe8 {[%clk 0:24:59]} 20. Re1 {[%clk 0:59:40]} Bd6
{[%clk 0:23:10]} 21. Rxe8 {[%clk 0:59:16]} Nxe8 {[%clk 0:23:24]} 22. g3
{[%clk 0:58:45]} Nc7 {[%clk 0:22:22]} 23. Ke2 {[%clk 0:58:22]} c5
{[%clk 0:22:37]} 24. Kd3 {[%clk 0:58:33]} h5 {[%clk 0:20:45]} 25. Ne2
{[%clk 0:58:17]} g6 {[%clk 0:20:25]} 26. Bf4 {[%clk 0:56:15]} Ne6
{[%clk 0:19:33]} 27. Bxd6 {[%clk 0:56:12]} Kxd6 {[%clk 0:20:01]} 28. f4
{[%clk 0:53:43]} Ng7 {[%clk 0:19:10]} 29. Ng1 {[%clk 0:53:26]} 1/2-1/2